000 01086nam a22003497a 4500
001 BR2024001185
003 BR-BrBNA
005 20240522121725.0
008 240518b bl.||||| |||| 00| 0 por dpor
040 _aBR-BrBNA
_bpor
041 _apor
072 _aE40 ; E50 ; D50
090 _aE40 BR2024001185
100 0 _aSilva, Luciano Mendes
100 0 _aMendes, Eleutéria Guerra Pacheco
100 0 _aBarbosa, Maria do Carmo dos Santos
100 0 _aNunes, Sheila Maria
110 _aEmpresa de Assistência Técnica e Extensão Rural do Distrito Federal, Brasília, DF (Brasil)
_94008
245 _aOrganização social: apoio ao capital humano
_bColeção EMATER-DF 15
260 _aBrasília, DF (Brasil)
_c2008
300 _a28 p.
_bil.
500 _a9 ref.; 3 illus.; 5 tables
650 _aCOMUNIDADE RURAL
650 _aASSOCIATIVISMO
650 _aASSOCIAÇÃO RURAL
650 _aCOOPERATIVA DE PRODUTORES
650 _aGESTÃO
650 _aPLANEJAMENTO PARTICIPATIVO
650 _aLEGISLAÇÃO
909 _a202405
_bFernando
942 _cBK
999 _c299659
_d299659